000 00696nam a2200205Ii 4500
003 JO-AjNU
008 230605s9999||||xx |||||||||||||| ||und||
040 _aJO-AjNU
_bara
_erda
_cJO-AjNU
041 _aara
050 1 4 _aBP173.756.I2677 1985
100 3 _aالحنبلي، أبي الفرج عبد الرحمن بن أحمد,
_eauthor
_938499
245 0 0 _aالإستخراج لأحكام الخراج
250 _aط1
264 3 1 _aبيروت: دار الكتب العلمية، 1985
300 _a158ص
336 _atext
_btxt
_2rdacontent
337 _aunmediated
_bn
_2rdamedia
338 _avolume
_bnc
_2rdacarrier
650 4 _aالخراج- الاقتصاد الاسلامي
_938500
999 _aA16180
_c19748
_d19748